Vinárstvo

Guardado en:
Detalles Bibliográficos
Autor principal: Gračková, Kristína (Autor)
Otros Autores: Mellner, Dušan (Orientador)
Formato: Manuscrito Libro
Lenguaje:eslovaco
Publicado: 2020
Materias:
Acceso en línea:http://is.stuba.sk/zp/portal_zp.pl?podrobnosti=137015
https://opac.crzp.sk/?fn=detailBiblioForm&sid=9A7ADD0D299745E45399BCD3D3B4
Etiquetas: Agregar Etiqueta
Sin Etiquetas, Sea el primero en etiquetar este registro!

MARC

LEADER 00000ntm a22000003a 4500
001 stuzp77001
003 SK-STU
005 20230516162834.4
007 ta
008 150427s2015----xo-----f-mn---000-0-slo-d
040 |a STU  |b slo 
041 0 |a slo 
100 1 |a Gračková, Kristína  |u 010310  |4 aut  |U SvF Stavebná fakulta  |T SvF Katedra architektúry  |X 87568  |U V181|V310  |Y 19  |7 87568 
242 0 1 |a The Winery  |y eng 
245 1 0 |a Vinárstvo 
260 |c 2020 
650 4 |a Vinárstvo  |2 slo 
650 4 |a Projekt  |2 slo 
650 4 |a Bakalárska práca  |2 slo 
650 4 |a Modra  |2 slo 
650 4 |a Bachelor thesis  |2 eng 
650 4 |a Winery  |2 eng 
650 4 |a Modra  |2 eng 
650 4 |a Project  |2 eng 
700 1 |a Mellner, Dušan  |u 010310  |k Z1  |4 ths  |U SvF Stavebná fakulta  |T SvF Katedra architektúry  |X 5310  |U V181|V310  |Y 19  |7 5310 
856 4 |u http://is.stuba.sk/zp/portal_zp.pl?podrobnosti=137015 
856 4 |u https://opac.crzp.sk/?fn=detailBiblioForm&sid=9A7ADD0D299745E45399BCD3D3B4